<?xml version="1.0" encoding="UTF-8"?>
<record
    xmlns:xsi="http://www.w3.org/2001/XMLSchema-instance"
    xsi:schemaLocation="http://www.loc.gov/MARC21/slim http://www.loc.gov/standards/marcxml/schema/MARC21slim.xsd"
    xmlns="http://www.loc.gov/MARC21/slim">

  <leader>01459nam a2200205 a 4500</leader>
  <controlfield tag="008">161215t1991    ag  |||g |||| 00| 1 spa d</controlfield>
  <datafield tag="020" ind1=" " ind2=" ">
    <subfield code="a">9500357046</subfield>
  </datafield>
  <datafield tag="041" ind1=" " ind2=" ">
    <subfield code="a">spa</subfield>
  </datafield>
  <datafield tag="092" ind1=" " ind2=" ">
    <subfield code="c">808.8</subfield>
    <subfield code="l">55</subfield>
    <subfield code="s">NER</subfield>
  </datafield>
  <datafield tag="100" ind1="1" ind2=" ">
    <subfield code="a">Neruda, Pablo</subfield>
    <subfield code="9">2928</subfield>
  </datafield>
  <datafield tag="245" ind1=" " ind2=" ">
    <subfield code="a">Defectos escogidos /</subfield>
    <subfield code="c">Pablo Neruda</subfield>
  </datafield>
  <datafield tag="250" ind1=" " ind2=" ">
    <subfield code="a">2a ed.</subfield>
  </datafield>
  <datafield tag="260" ind1=" " ind2=" ">
    <subfield code="a">Buenos Aires:</subfield>
    <subfield code="b">Losada;</subfield>
    <subfield code="c">1991.</subfield>
  </datafield>
  <datafield tag="300" ind1=" " ind2=" ">
    <subfield code="a">105 p.</subfield>
  </datafield>
  <datafield tag="500" ind1=" " ind2=" ">
    <subfield code="a">Neruda, P. (1991). Defectos escogidos. (2a ed.). Buenos Aires : Losada.</subfield>
  </datafield>
  <datafield tag="505" ind1=" " ind2=" ">
    <subfield code="a">Pablo Neruda (1904-1973), tal vez el primer poeta de la lengua de este siglo, gloria de Chile y honor del continente con 20 poemas de amor, Canto general, Odas elementales, y toda su obra, varia, espl&#xE9;ndida, sin igual, dej&#xF3; al morir ocho poemarios in&#xE9;ditos: La rosa separada, Jard&#xED;n de invierno, 2000, El coraz&#xF3;n amarillo, Libro de las preguntas, Eleg&#xED;a, El mar y las campanas y Defectos escogidos. Losada se enorgulleci&#xF3; de darlos a conocer en ese momento y se complace en reeditarlos. La Editorial Losada, puede decirse que la casa editorial de Pablo Neruda desde hace casi cincuenta a&#xF1;os, se enorgullece ahora de concluir, con este libro donde figuran algunas de las m&#xE1;s bella composiciones nerudianas -"Or&#xE9;gano", "Otro castillo", "Paseando con Laforgue"-, a la vez la serie de sus composiciones p&#xF3;stumas y la publicaci&#xF3;n de toda las obras de el autor. </subfield>
  </datafield>
  <datafield tag="590" ind1=" " ind2=" ">
    <subfield code="a">Proyecto 4to libro. Donaci&#xF3;n Constanzo, Juan Carlos</subfield>
  </datafield>
  <datafield tag="655" ind1=" " ind2=" ">
    <subfield code="a">Poesia</subfield>
    <subfield code="9">2929</subfield>
  </datafield>
  <datafield tag="942" ind1=" " ind2=" ">
    <subfield code="2">ddc</subfield>
    <subfield code="c">LIT</subfield>
  </datafield>
  <datafield tag="999" ind1=" " ind2=" ">
    <subfield code="c">2416</subfield>
    <subfield code="d">2416</subfield>
  </datafield>
  <datafield tag="952" ind1=" " ind2=" ">
    <subfield code="0">0</subfield>
    <subfield code="1">0</subfield>
    <subfield code="2">ddc</subfield>
    <subfield code="4">0</subfield>
    <subfield code="7">0</subfield>
    <subfield code="a">BFM</subfield>
    <subfield code="b">BFM</subfield>
    <subfield code="c">CR</subfield>
    <subfield code="d">2017-05-29</subfield>
    <subfield code="e">Donaci&#xF3;n Constanzo, Juan Carlos. Mayo 2017</subfield>
    <subfield code="l">1</subfield>
    <subfield code="m">1</subfield>
    <subfield code="o">808.8 55 NER</subfield>
    <subfield code="p">3869</subfield>
    <subfield code="r">2019-10-07</subfield>
    <subfield code="s">2019-09-19</subfield>
    <subfield code="t">Ej.1</subfield>
    <subfield code="w">2017-05-29</subfield>
    <subfield code="y">LIT</subfield>
    <subfield code="z">Proyecto 4to Libro. Donaci&#xF3;n Constanzo, Juan Carlos. Mayo 2017</subfield>
  </datafield>
</record>
